| 000 | 01343aaa a2200253 a 4500 | ||
|---|---|---|---|
| 003 | BLK | ||
| 005 | 20240320142126.0 | ||
| 007 | ta | ||
| 008 | 221104b bu |||||r|||| 00| | bu d | ||
| 040 | _aBLK | ||
| 041 |
_aBUL _cBUL |
||
| 080 |
_aБългарска литература(изследвания) _b821.163.2.09 _x(092) _z821.163.2.09(092) |
||
| 080 |
_aБългарски поет, преводач _b929 Гечев, Стефан Албертов _z929 Гечев, Стефан Албертов |
||
| 100 |
_9372419 _aЕленкова, Цветанка Стефанова |
||
| 245 |
_aКогато камъните се разпрашват _bЦветанка Еленкова |
||
| 300 | _aX, № 34, 1 - 7 ноем. 2000, с. 1 | ||
| 653 |
_9197392 _aСтефан Гечев |
||
| 773 | 0 |
_tЛИТЕРАТУРЕН ВЕСТНИК _dФондация Литературен вестник 1990 _w292192 _x1310-9561 _i. // |
|
| 856 |
_i0.00 _linternal use only _fКогато камъните се разпрашват _qjpg _uhttp://185.138.176.146:18082/cgi-bin/koha/opac-retrieve-file.pl?id=7eaeea6c84e0b7e624b6aa57dc32c3c3 _xpicjpg _zКогато камъните се разпрашват |
||
| 942 |
_2udc _cSTA _n0 |
||
| 944 |
_cВася Ганчева _k30542 _lРусанова Ирена _aED |
||
| 999 |
_c503658 _d503658 |
||
| 999 | _d503658 | ||
| 999 | _d503658 | ||